000 00587nam a2200205Ia 4500
003 GCL
008 140319s9999 xx 000 0 ara d
040 _aGCL /
_cGCL
082 0 4 _a338.642
_bا م
245 1 0 _aالمشروعات الانتاجية الصغيرة والمتوسطة ج3
490 _a
650 0 4 _aمصر
650 0 4 _aالمشروعات
650 0 4 _aالصناعات
650 0 4 _aالتخطيط الصناعى
650 0 4 _aالصناعة والدولة
650 0 4 _aالسياسة الصناعية
650 0 4 _aالانتاج - مصر
942 _2ddc
_cBK
999 _c37969
_d37969